000 00776nam a2200253 a 4500
001 61066
003 BD-RjUL
005 20211209080922.0
008 170115s1960 nyuak 000 0 eng d
035 _aBD-RjUL 61190
040 _aDLC
_cMTH
_dOCLCQ
_dMYG
_dBD-RjUL
_beng
041 _aeng
082 _223
_a657
_bMIA 1960
100 _aMilroy, Robert R
_9182241
245 1 0 _aAccounting theory and practice :
_bIntermediate /
_cRobert R Milroy; Robert E Walden
260 _aBoston :
_bHoughton Mifflin,
_c 1960.
300 _axi, 681 p.
_bill. ;
_c23 cm.
504 _aIncludes index
650 0 _aAccounting.
_9175106
942 _2ddc
_cBK
946 _at
949 0 _ac
_bRSC
_cHDC
_o0
_p39080025612737
_x15
_yHDC ITEM
_hHF5625.K35x 1917
999 _c61066
_d61066